000 00270nam a22001097a 4500
020 _a9788127267407
082 _a633.081
_bKHA/ST
100 _aKhare, b.P
245 _aStored grain pests and their management
260 _aLudhiana
_bKalyani Publishers
_c2011
942 _cBK
999 _c13934
_d13934